|
|
|
|
| LEADER |
00000cam a22000004a 4500 |
| 001 |
musev2_28262 |
| 003 |
MdBmJHUP |
| 005 |
20230905043007.0 |
| 006 |
m o d |
| 007 |
cr||||||||nn|n |
| 008 |
111007s2006 ohu o 00 0 eng d |
| 020 |
|
|
|a 9780814272664
|
| 020 |
|
|
|z 9780814210116
|
| 020 |
|
|
|z 0814272665
|
| 020 |
|
|
|z 0814210112
|
| 035 |
|
|
|a (OCoLC)756221193
|
| 040 |
|
|
|a MdBmJHUP
|c MdBmJHUP
|
| 100 |
1 |
|
|a Callanan, Laura.
|
| 245 |
1 |
0 |
|a Deciphering Race :
|b White Anxiety, Racial Conflict, and the Turn to Fiction in Mid-Victorian English Prose /
|c Laura Callanan.
|
| 264 |
|
1 |
|a Columbus :
|b Ohio State University Press,
|c 2006.
|
| 264 |
|
3 |
|a Baltimore, Md. :
|b Project MUSE,
|c 2015
|
| 264 |
|
4 |
|c ©2006.
|
| 300 |
|
|
|a 1 online resource (185 pages).
|
| 336 |
|
|
|a text
|b txt
|2 rdacontent
|
| 337 |
|
|
|a computer
|b c
|2 rdamedia
|
| 338 |
|
|
|a online resource
|b cr
|2 rdacarrier
|
| 505 |
0 |
|
|a Aestheticizing Mid-Victorian Racial Tropism -- Toussaint and the Staging of Political Aesthetics in Normal: Harriet Martineaus The Hour and the Man (1841) -- Life Clothed in Forms: Radical Racism as Formalist Aesthetic in Robert Knoxs The Races of Men (1850) -- The Dialectic of Scapegoat and Fetish: Failed Catharsis in Charles Dickens and Wilkie Collinss The Perils of Certain English Prisoners (1857) -- So Help Me God, the Truth and Not the Truth: Hyper-Realism and the Taxonomy of Truth Seeking in the Royal Commissions Inquiry into the 1865 Jamaica Rebellion -- Race, Ruins, and Rebellion: Spatializing Racial @Normal: Otherness in James Grants First Love and Last Love (1868) -- De-Aestheticizing Sara(h) Ba(a)rtman(n).
|
| 506 |
0 |
|
|a Open Access
|f Unrestricted online access
|2 star
|
| 588 |
|
|
|a Description based on print version record.
|
| 650 |
|
6 |
|a Roman anglais
|y 19e siecle
|x Histoire et critique.
|
| 650 |
|
6 |
|a Race dans la litterature.
|
| 650 |
|
6 |
|a Litterature et societe
|z Grande-Bretagne
|x Histoire
|y 19e siecle.
|
| 650 |
|
6 |
|a Relations raciales dans la litterature.
|
| 650 |
|
6 |
|a Imperialisme dans la litterature.
|
| 650 |
|
6 |
|a Racisme dans la litterature.
|
| 650 |
0 |
7 |
|a Rassenbeziehung (Motiv)
|2 swd
|
| 650 |
0 |
7 |
|a Roman.
|2 swd
|
| 650 |
|
7 |
|a Kolonialismus
|g Motiv
|2 gnd
|
| 650 |
|
7 |
|a Racism in literature.
|2 fast
|0 (OCoLC)fst01086655
|
| 650 |
|
7 |
|a Race relations in literature.
|2 fast
|0 (OCoLC)fst01086563
|
| 650 |
|
7 |
|a Race in literature.
|2 fast
|0 (OCoLC)fst01086506
|
| 650 |
|
7 |
|a Literature and society.
|2 fast
|0 (OCoLC)fst01000096
|
| 650 |
|
7 |
|a Imperialism in literature.
|2 fast
|0 (OCoLC)fst00968142
|
| 650 |
|
7 |
|a English fiction.
|2 fast
|0 (OCoLC)fst00910817
|
| 650 |
|
7 |
|a LITERARY CRITICISM
|x General.
|2 bisacsh
|
| 650 |
|
0 |
|a Racism in literature.
|
| 650 |
|
0 |
|a Imperialism in literature.
|
| 650 |
|
0 |
|a Race relations in literature.
|
| 650 |
|
0 |
|a Literature and society
|z Great Britain
|x History
|y 19th century.
|
| 650 |
|
0 |
|a Race in literature.
|
| 650 |
|
0 |
|a English fiction
|y 19th century
|x History and criticism.
|
| 651 |
|
7 |
|a Englisch.
|2 swd
|
| 651 |
|
7 |
|a Great Britain.
|2 fast
|0 (OCoLC)fst01204623
|
| 655 |
|
7 |
|a History.
|2 fast
|0 (OCoLC)fst01411628
|
| 655 |
|
7 |
|a Criticism, interpretation, etc.
|2 fast
|0 (OCoLC)fst01411635
|
| 655 |
|
7 |
|a Electronic books.
|2 local
|
| 710 |
2 |
|
|a Project Muse.
|e distributor
|
| 830 |
|
0 |
|a Book collections on Project MUSE.
|
| 856 |
4 |
0 |
|z Texto completo
|u https://projectmuse.uam.elogim.com/book/28262/
|
| 945 |
|
|
|a Project MUSE - Archive Complete Supplement III
|
| 945 |
|
|
|a Project MUSE - Archive Literature Supplement III
|